| 000 | 01145nam a2200313 a 4500 | ||
|---|---|---|---|
| 999 |
_c53999 _d53999 |
||
| 003 | BLK | ||
| 005 | 20230526100547.0 | ||
| 008 | 180408b bul|||||r ||||||| ||bul|| | ||
| 010 | _aKNG00057943000 | ||
| 040 | _aBLK | ||
| 041 |
_aBUL _cBUL |
||
| 080 |
_aКласическа гръцка литература. Старогръцка литература _b821.142 _x-4 _z821.142-4 |
||
| 100 | 1 |
_aТеофраст _eпърви автор _9269361 |
|
| 139 |
_aТеофраст _bТ 50 |
||
| 245 | 1 | 0 |
_aХарактери _cТеофраст; прев. от старогр. Богдан Богданов; ред. Георги Михайлов. |
| 257 | _aBGR | ||
| 260 |
_bНар. култура _c1968 _aСофия |
||
| 300 |
_a96 с. _c25 см |
||
| 380 | _aX | ||
| 700 | 1 |
_aБогданов, Богдан _eпрев. от старогр. _9365783 |
|
| 700 | 1 |
_aМихайлов, Георги _eред. _9364615 |
|
| 852 | _aЦб 47081 | ||
| 856 | 4 | _qpdf | |
| 856 | 4 | _qpdf | |
| 942 |
_cKNG _n0 _s1 _01 |
||
| 944 |
_aCR _c16.02.2018 _kСимона_Петрова |
||
| 944 |
_aED _c16.02.2018 _kСимона_Петрова |
||
| 999 | _d53999 | ||